Vista normal
Vista MARC
Entrada Personal Name
Número de registros utilizados en: 1
001 - CONTROL NUMBER
- control field: 17402
003 - CONTROL NUMBER IDENTIFIER
- control field: DLC
005 - DATE AND TIME OF LATEST TRANSACTION
- control field: 20250827151003.0
008 - FIXED-LENGTH DATA ELEMENTS
- fixed length control field: 800905n| azannaab |a aaa
010 ## - LIBRARY OF CONGRESS CONTROL NUMBER
- LC control number: n 80107707
040 ## - CATALOGING SOURCE
- Original cataloging agency: DLC
- Transcribing agency: Mx-PuUPA
- Description conventions: rda
- Modifying agency: DLC
- Modifying agency: Mx-PuUPA
046 ## - SPECIAL CODED DATES
- Birth date: 19500515
- Source of date scheme: edtf
100 1# - HEADING--PERSONAL NAME
- Personal name: Dionne, Georges,
- Dates associated with a name: 1950-
372 ## - FIELD OF ACTIVITY
- Field of activity: Especialización en comportamiento organizacional
373 ## - ASSOCIATED GROUP
- Associated group: Universidad de Massachusetts
374 ## - OCCUPATION
- Occupation: Autor
- Occupation: Licenciado en Filosofía
375 ## - GENDER
- Gender: hombre
377 ## - ASSOCIATED LANGUAGE
- Language code: eng
400 1# - SEE FROM TRACING--PERSONAL NAME
- Personal name: Dionne, G.
- Fuller form of name: (Georges)
- Dates associated with a name: 1950-
670 ## - SOURCE DATA FOUND
- Source citation: His The effects of unemployment benefits on U.S. unemployment rates, 1980?:
- Information found: t.p. (Georges Dionne, Département de science économique, Univ. de Montréal)
670 ## - SOURCE DATA FOUND
- Source citation: Incertain et information, c1988:
- Information found: t.p. (Georges Dionne, Université de Montréal, G. Dionne)
670 ## - SOURCE DATA FOUND
- Source citation: NLC 08-07-91
- Information found: (Dionne, Georges)
670 ## - SOURCE DATA FOUND
- Source citation: Corporate risk management, 2019: ECIP t.p. (Georges Dionne) data view (b. May 15, 1950)